| 000 | 02050nam a2200421 c 4500 | ||
|---|---|---|---|
| 999 |
_c32935 _d32935 |
||
| 003 | BLK | ||
| 005 | 20250730125441.0 | ||
| 008 | 180408b bul|||||r ||||||| ||bul|| | ||
| 010 | _aKNG00035614000 | ||
| 020 | _a954-459-831-6 | ||
| 020 | _a9789544598310 | ||
| 040 | _aBLK | ||
| 041 |
_aBUL _cBUL |
||
| 080 |
_aИспанска литература _b821.134.2 _x-91-31 _z821.134.2-91-31 |
||
| 100 | 1 |
_aСервантес Сааведра, Мигел де _eпърви автор _9244214 |
|
| 139 |
_aСервантес Сааведра, Мигел де _bС 34 |
||
| 245 | 1 | 0 |
_aДон Кихот де Ла Манча _bАдапт. изд. за деца и юноши _cМигел де Сервантес Сааведра; адапт. Луис Касасновас; предг. от Анхел Гарсия Алиер; прев. от исп. Екатерина Христева Делева; * Мигел де Сервантес. |
| 257 | _aSPA | ||
| 260 |
_bХермес _c2001 _fХасково : Полиграфюг |
||
| 300 |
_a223 с. _c20 см |
||
| 380 | _aX | ||
| 490 |
_aЗлатно перо : Детско-юношеска класика _9201323 |
||
| 500 | _aОриг. загл. Don Quijote de la Mancha / Migel de Cervantes Saavedra. - Адапт. отбелязян на с. 11. - Съдържа и Основни теми в романа. - Доп. тир. 2016. | ||
| 653 | _aромани | ||
| 653 | _aадаптирани книги | ||
| 700 | 1 |
_aКасасновас, Луис _eадапт. _977431 |
|
| 700 | 1 |
_aАлиер, Анхел Гарсия _eпредг. от _930823 |
|
| 700 | 1 |
_aДелева, Екатерина Христева _eпрев. от исп. _9363280 |
|
| 700 | 1 |
_aСервантес, Мигел де _e* _9366826 |
|
| 852 | _aЦб 207930 | ||
| 856 | 4 | _qpdf | |
| 856 | 4 | _qpdf | |
| 942 |
_cKNG _n0 _0657 _s1 |
||
| 944 |
_aCR _c15.01.2003 _lЦветелина Шанова _k30531 |
||
| 944 |
_aED _c19.07.2017 _lф / _kЛюдмила_Стоянова |
||
| 999 | _d32935 | ||
| 999 | _d32935 | ||